000 00601nam a22002177a 4500
003 OSt
005 20260421041824.0
008 260421b |||||||| |||| 00| 0 eng d
020 _a0-07-139877-5
040 _aDWC-Main lib.
_cOC
082 _aCirc. 510 L669d 2003
100 _aLipson, Marc L.
245 _aDiscrete mathematics/
_cMarc L. Lipson
260 _bMsGraw-Hill, .
_cc2003
300 _av 120 p. ;
_c21 cm.
490 _aSchraum's outline series
504 _aInclude index.
700 _aHademenos, George J.
700 _aLipschutz, Seymour
942 _2ddc
_cBK-CIRC
_hCirc.
_n0
999 _c9540
_d9540